000 01216cpcaa2200301 4500
001 mm 78004616
003 DLC
005 20260227111620.0
008 781212|||||||||||| spa
010 _amm 78004616
040 _aDLC
_cDLC
_edacs
_dDLC
041 _aspa
_aeng
072 7 _aH
_2lcmd
100 1 _aAguinaldo, Emilio,
_d1869-1964.
245 0 0 _aEmilio Aguinaldo papers,
_f1899-1901.
300 _a3
_fitems.
506 0 _aOpen to research.
520 8 _aAddress (Malolos; 1899 January 16) to Aguinaldo's troops and a letter of referral. Includes a typewritten English translation of the address.
533 _aIn part, typewritten transcript.
_b[S.l.].
545 0 _aPhilippine patriot.
546 _aCollection material in Spanish, with English.
580 _aForms part of: Miscellaneous Manuscripts collection.
651 0 _aPhilippines
_xHistory
_yPhilippine American War, 1899-1902.
656 7 _aPatriots
_zPhilippines.
_2itoamc
999 _c39638
_d39638